Délmagyarország. - 1967. február 7., Kedd
Elmentve itt :
| Dokumentumtípus: | Újság |
|---|---|
| Megjelent: |
1967-02-07
|
| Sorozat: | Délmagyarország
57 No. 32 |
| Online Access: | http://dmarchiv.bibl.u-szeged.hu/17055 |
| LEADER | 00485nas a2200145 i 4500 | ||
|---|---|---|---|
| 001 | delm17055 | ||
| 005 | 20200414160819.0 | ||
| 008 | 171215s1967 hu n o 0|| hun d | ||
| 022 | |a 0133-025X | ||
| 040 | |a SZTE Délmagyarország Archívum |b hun | ||
| 041 | |a hun | ||
| 245 | 0 | 0 | |a Délmagyarország. - 1967. február 7., Kedd |h [elektronikus dokumentum] |
| 260 | |c 1967-02-07 | ||
| 490 | 0 | |a Délmagyarország |v 57 No. 32 | |
| 856 | 4 | 0 | |u http://dmarchiv.bibl.u-szeged.hu/17055/1/dm_1967_032.pdf |z Dokumentum-elérés |